00457 2200145 4500245013400000250001100134100002000145650001600165005001900181260000900200041001400209084001100223500006800234336000900302 aLaporan Akhir Program Pengalaman Lapangan (PPL) Mahasiswa Bimbingan dan Konseling Tahun Akademik 2010/2011cNia PuspitasarihText aCet. 1 aNia Puspitasari aLaporan PPL a20231030132151 c2010 aIndonesia a378.34 aJurusan Bimbingan dan Konseling, Fakultas Ilmu Pendidikan - UNJ atext